000 00758nam a22002657a 4500
001 BR0101601
003 BR-BrBNA
005 20230928100756.0
007 ta
008 230509b bl.||||| |||| 00| 0 por d
040 _aBR-BrBNA
_bpor
_cBiblioteca Nacional de Agricultura
041 _a(Por)
072 _aK70; F01
090 _ K70 BR0101601
110 1 _aMinisterio da Agricultura e do Abastecimento, Brasilia, DF (Brasil)
_96726
245 1 _aAlternativas para a pratica das queimadas na agricultura
260 3 _aBrasilia, DF (Brasil):
_c2000.
300 _avp.
500 _a27 illus.; 7 tables
650 _aQueimada
650 _aPratica Cultural
650 _aControle Ambiental
909 _a202309
_bLucia
_c55
_dLucia Elande
942 _cBK
999 _c62746
_d62746